| 000 | 00625nam a2200193 a 4500 | ||
|---|---|---|---|
| 001 | 000030799 | ||
| 005 | 20200930062521.0 | ||
| 008 | 110530s1927 dr 000 0 spa d | ||
| 040 |
_aDO-SdBNP _bspa _cBNPHU |
||
| 082 |
_axxx _bR969 |
||
| 100 | 1 |
_aRusso, Giuseppe _922106 |
|
| 245 | 1 | 0 |
_aInsectos dañinos a los principales cultivos y medios de combatirlos / _cGiuseppe Russo. |
| 260 |
_aSanto Domingo : _bDepartamento de Agricultura, _c1927. |
||
| 300 |
_a29 p. ; _c18 cm. |
||
| 490 | 1 | _aVulgarización agrícola ; | |
| 490 | 1 |
_aCircular _vv.1 |
|
| 830 | 0 |
_aVulgarización agrícola _922107 |
|
| 830 | 0 |
_aCircular _nno.1 _957353 |
|
| 999 |
_c30291 _d30291 |
||